000 00912nam a2200217Ii 4500
003 JO-AjNU
008 230605s9999||||xx |||||||||||||| ||und||
017 _a2008/7/2412
040 _aJO-AjNU
_bara
_erda
_cJO-AjNU
041 _aara
050 1 4 _aHF5686.C495.I27 2011
100 3 _aتاأليف: ابراهيم، ايهاب نظمي / م.مشارك: حسن توفيق مصطفى,
_eauthor
_933370
245 0 0 _aمحاسبة المنشآت المالية : البنوك وشركات التامين
250 _aط1 العربية
264 3 1 _aعمان: مكتبة المجتمع العربي للنشر والتوزيع، 2011
300 _a501ص
_bيحتوي على ببلوغرافية ص 501
336 _atext
_btxt
_2rdacontent
337 _aunmediated
_bn
_2rdamedia
338 _avolume
_bnc
_2rdacarrier
650 4 _aالمحاسبة المالية- البنوك- شركات التأمين
_933371
999 _aA13575
_c17143
_d17143